Géographie physique de la France - Statistiques

Statistiques générales
  • Ce quiz a été pris 373 fois
  • Le résultat moyen est 10 sur 20
Statistiques - réponses
Question Réponse % Correct
Corse
92%
Point culminant Mont Blanc
90%
Loire
88%
Rhône
84%
Plus grand pays frontalier Brésil
82%
Plus longs cours d’eau (longueur totale) Rhin
81%
La Réunion
79%
Gironde
59%
Plus grands départements Guyane
57%
Landes
48%
Territoires français en Antarctique Terre Adélie
43%
Chaîne de montagnes traversant notamment le Gard et la Lozère Cévennes
32%
Dordogne
32%
Point culminant du Massif Central Puy de Sancy
32%
Région historique située uniquement dans les Pyrénées Atlantiques Béarn
29%
Étang surplombé par Sète Étang de Thau
29%
Meuse
29%
Célèbre place bordelaise Place de la Bourse
16%
Île Kerguelen
14%
Plus grandes îles Grande Terre (Nouvelle-Calédonie)
6%
Aucun quiz correspondant
Distribution des résultats
% des personnes avec chaque résultat
Percentile par nombre de réponses
Votre historique - résultats
Vous n’avez pas pris ce quiz